Foreign customs tariffs (Record no. 154748)

MARC details
000 -LEADER
campo de control de longitud fija 01168nam a22002175i 4500
001 - NÚMERO DE CONTROL
campo de control 154748
003 - IDENTIFICADOR DE NÚMERO DE CONTROL
campo de control ES-MaACL
005 - FECHA Y HORA DE LA ÚLTIMA TRANSACCIÓN
campo de control 20250826044909.0
008 - DATOS DE LONGITUD FIJA--INFORMACIÓN GENERAL
campo de control de longitud fija 040826s1870 xxk |||| | eng d
040 ## - FUENTE DE CATALOGACIÓN
Centro catalogador/agencia de origen CAM
Lengua de catalogación spa
Centro/agencia transcriptor CAM
110 1# - ENTRADA PRINCIPAL--NOMBRE DE ENTIDAD CORPORATIVA
Nombre de entidad corporativa o nombre de jurisdicción como elemento de entrada Gran Bretaña.
Unidad subordinada Parliament.
-- House of Commons.
9 (RLIN) 134418
245 10 - MENCIÓN DEL TÍTULO
Título Foreign customs tariffs
Resto del título : return to an order of the... The House Commons dated 11 february 1870 for return "of the lowest and highest rates of import duty levied by the tariff of each Country in Europe and of the United Estates upon some of the principal articles of merchandise, in each of the years 1860 and 1870... /
Mención de responsabilidad, etc. ordered by The House of Commons to be printed, 31 may 1870.
260 ## - PUBLICACIÓN, DISTRIBUCIÓN, ETC.
Lugar de publicación, distribución, etc. [S.l. :
Nombre del editor, distribuidor, etc. s.n.,
Fecha de publicación, distribución, etc. s.a.]
300 ## - DESCRIPCIÓN FÍSICA
Extensión 29 p. ;
Dimensiones 25 cm.
594 ## - Nota al título y mención de responsabilidad
Nota al título y mención de responsabilidad Tít. de la cub.: Return relating to Foreign Customs Tariffs.
594 ## - Nota al título y mención de responsabilidad
Nota al título y mención de responsabilidad En port. consta Mr Shaw Lefevre.
650 00 - PUNTO DE ACCESO ADICIONAL DE MATERIA--TÉRMINO DE MATERIA
Término de materia o nombre geográfico como elemento de entrada Impuestos-
Subdivisión general Derecho y legislación-
Subdivisión geográfica Reino Unido
9 (RLIN) 222281
740 01 - ENTRADA AGREGADA--TÍTULO RELACIONADO/ANALÍTICO NO CONTROLADO
Título relacionado o analítico no controlado Return relating to foreign customs tariffs.
852 ## - LOCALIZACIÓN
Ubicación ES-MaACL
Número de control de estantería T-1283-F
Nota libre -- Enc. hol., conservando la cub. original
-- -- Enc. en un vol. facticio
Holdings
Estatus retirado Estado de pérdida Estado de daño No para préstamo Colección Biblioteca de origen Biblioteca actual Ubicación en estantería Fecha de adquisición Fuente de adquisición Total de préstamos Signatura topográfica completa Código de barras Visto por última vez Precio de reemplazo Tipo de ítem Koha
        Colección de folletos Biblioteca del Ateneo de Madrid Biblioteca del Ateneo de Madrid Depósito folletos 17/01/2008     T-1283-F 1161856 23/02/2023 23/02/2023 Folleto